| 000 | 00573nam a22001937a 4500 | ||
|---|---|---|---|
| 999 |
_c3463 _d3463 |
||
| 003 | AR-CdUCM | ||
| 008 | 190306b ||||| |||| 00| 0 spa d | ||
| 040 |
_aMUNICIPALIDAD PROVINCIAL DEL CUSCO _cBIBLIOTECA MUNICIPAL DEL CUSCO |
||
| 082 |
_a808.83 / _bV23T |
||
| 100 |
_aVallejo, César _910143 |
||
| 245 | _aEl tungsteno, Paco Yunque, Fabla salvaje / | ||
| 260 |
_aLima : _bMonterrico, _c1988. |
||
| 300 |
_a153 páginas ; _c20.5 cm. |
||
| 650 |
_aCuentos peruanos _97 |
||
| 650 |
_aNovelas peruanas _9545 |
||
| 650 |
_aSiglo XX _98 |
||
| 942 |
_2ddc _cLIBROS |
||
| 945 | _aafb | ||